000 01604nam1a22003731 4500
001 v19\rc\1957108
005 20260406082201.0
035 _a(NLR Aleph) 005041352
090 _a6797041
_c6797041
100 _a20251123 rusy50
101 1 _arus
_cdan
102 _aRU
105 _ay z |||||
200 1 _aСобрание сочинений Хенрика Понтоппидана
_fС портр. авт. и вступ. ст. Б.П. Сильверсвана, прив.-доц. С.-Петерб. ун-та
_gПер. М.П. Благовещенской. Т. 1-5
210 _aСанкт-Петербург
_cПросвещение
_d1912-1913
215 _a5 т.
_d19
225 1 _aВсемирная библиотека
_iСобрание сочинений известных русских и иностранных писателей
300 _aНа обл. общ. загл. отсутствует
700 1 _7ca
_8rus
_aПонтоппидан
_bХ.
_f1857-1943
_gХенрик
_3RU\NLR\AUTH\770276904
_92648871
702 1 _aСильверсван
_bБ.П.
_4080
702 1 _aБлаговещенская
_bМ.П.
_f1863-
_gМария Павловна
_4730
801 0 _aRU
_bNLR
_gpsbo
801 0 _aRU
_bRuMoRGB
_2psbo
801 1 _aRU
_bProSoft-M
_2rusmarc
852 _aNLR
_j37.38.7.1
852 _aNLR
_j+Шифры разные
899 _aRuMoRGB
_jF 61/434 (т. 2, ч. 2, 1913)
899 _aRuMoRGB
_jF 119/130
899 _aRuMoRGB
_jРб 10/2540
899 _aБАН
899 _aНБ СПбГУ
_y(1, 3, 5)
899 _aГПИБ
_y(1-3)
942 _cBOOK
980 _aNB